INDUSTRIAL LABOUR & GENERAL LAWS: THEORY & MCQS (Record no. 10502)
[ view plain ]
| 000 -LEADER | |
|---|---|
| fixed length control field | 00433nam a22001577a 4500 |
| 003 - CONTROL NUMBER IDENTIFIER | |
| control field | SGT |
| 020 ## - INTERNATIONAL STANDARD BOOK NUMBER | |
| International Standard Book Number | 9789350719664 |
| 082 ## - DEWEY DECIMAL CLASSIFICATION NUMBER | |
| Classification number | 331 SHE |
| 100 ## - MAIN ENTRY--PERSONAL NAME | |
| Personal name | SHETH,TEJPAL |
| 245 ## - TITLE STATEMENT | |
| Title | INDUSTRIAL LABOUR & GENERAL LAWS: THEORY & MCQS |
| 250 ## - EDITION STATEMENT | |
| Edition statement | 4TH |
| 260 ## - PUBLICATION, DISTRIBUTION, ETC. (IMPRINT) | |
| Place of publication, distribution, etc | NEW DELHI |
| Name of publisher, distributor, etc | TAXMAN |
| Year of Publication | 2016 |
| 300 ## - PAGE DESCRIPTION | |
| No. of Pages | 420 |
| 653 ## - KEYWORDS--INDEX TERM | |
| Keyword term | As Per OMR Based Examination Tabular Presentation of Theory More than 2600 MCQs Mock Tests |
| 942 ## - ADDED ENTRY ELEMENTS (KOHA) | |
| Source of classification or shelving scheme | Dewey Decimal Classification |
| Koha item type | FCM Books |
| 942 ## - ADDED ENTRY ELEMENTS (KOHA) | |
| -- | 1 |
| Withdrawn status | Lost status | Source of classification or shelving scheme | Damaged status | Not for loan | Collection code | Home library | Current library | Shelving location | Date acquired | Vendor Name | Cost, normal purchase price | SGTU | Bill Number | Total Checkouts | Full call number | Accession No. (Barcode) | Date last seen | Date last borrowed | Bill Date | Koha item type |
|---|---|---|---|---|---|---|---|---|---|---|---|---|---|---|---|---|---|---|---|---|
| Dewey Decimal Classification | COMMERCE MANAGEMENT | SGT Science & Social Sciences Library | SGT Science & Social Sciences Library | On Display | 19/01/2017 | INDIAN PUBLISHERS & DISTRIBUTORS | 495.00 | SGTU | 117 | 1 | 331 SHE | CM3424 | 08/05/2024 | 08/05/2024 | 20/12/2016 | FCM Books | ||||
| Dewey Decimal Classification | Not For Loan | COMMERCE MANAGEMENT | SGT Science & Social Sciences Library | SGT Science & Social Sciences Library | Reference Book | 19/01/2017 | INDIAN PUBLISHERS & DISTRIBUTORS | 495.00 | SGTU | 117 | 331 SHE | CM3425 | 19/01/2017 | 20/12/2016 | FCM Books |